<?xml version="1.0" encoding="UTF-8"?>
<record
    xmlns:xsi="http://www.w3.org/2001/XMLSchema-instance"
    xsi:schemaLocation="http://www.loc.gov/MARC21/slim http://www.loc.gov/standards/marcxml/schema/MARC21slim.xsd"
    xmlns="http://www.loc.gov/MARC21/slim">

  <leader>00754nam a22002417a 4500</leader>
  <controlfield tag="003">UA-OsUOA</controlfield>
  <controlfield tag="001"> 43732 </controlfield>
  <controlfield tag="007">ta</controlfield>
  <controlfield tag="008">20070120b un ||||| |||| 00| 0 ukr d</controlfield>
  <datafield tag="100" ind1=" " ind2=" ">
    <subfield code="a">&#x41C;&#x43E;&#x442;&#x43E;&#x440;&#x43D;&#x44E;&#x43A; &#x406;.&#x41B;.</subfield>
  </datafield>
  <datafield tag="090" ind1=" " ind2=" ">
    <subfield code="a">82.09</subfield>
    <subfield code="b">&#x41C;85</subfield>
  </datafield>
  <datafield tag="942" ind1=" " ind2=" ">
    <subfield code="c">BK</subfield>
  </datafield>
  <datafield tag="040" ind1=" " ind2=" ">
    <subfield code="a">UA-OsUOA</subfield>
    <subfield code="b">ukr</subfield>
    <subfield code="c">UA-OsUOA</subfield>
    <subfield code="d">UA-OsUOA</subfield>
  </datafield>
  <datafield tag="245" ind1=" " ind2=" ">
    <subfield code="a">"&#x413;&#x440;&#x430; &#x43D;&#x435; &#x431;&#x435;&#x437; &#x43F;&#x440;&#x430;&#x432;&#x438;&#x43B;" &#x456; "&#x43F;&#x440;&#x430;&#x432;&#x438;&#x43B;&#x430; &#x433;&#x440;&#x438;"</subfield>
    <subfield code="b">(&#x41D;&#x430;&#x443;&#x43A;&#x43E;&#x432;&#x456; &#x456; &#x43B;&#x456;&#x442;&#x435;&#x440;&#x430;&#x442;&#x443;&#x440;&#x43D;&#x43E; &#x43A;&#x440;&#x438;&#x442;&#x438;&#x447;&#x43D;&#x456; &#x441;&#x442;&#x443;&#x434;&#x456;&#x457;)</subfield>
  </datafield>
  <datafield tag="300" ind1=" " ind2=" ">
    <subfield code="a">376 &#x441;.</subfield>
  </datafield>
  <datafield tag="955" ind1=" " ind2=" ">
    <subfield code="a">2</subfield>
  </datafield>
  <datafield tag="041" ind1=" " ind2=" ">
    <subfield code="a">ukr</subfield>
  </datafield>
  <datafield tag="080" ind1=" " ind2=" ">
    <subfield code="a">82.09</subfield>
  </datafield>
  <datafield tag="020" ind1=" " ind2=" ">
    <subfield code="a">966-613-304-0</subfield>
  </datafield>
  <datafield tag="260" ind1=" " ind2=" ">
    <subfield code="a">&#x41B;&#x44C;&#x432;&#x456;&#x432;</subfield>
    <subfield code="b">&#x412;&#x438;&#x434;. &#x446;&#x435;&#x43D;&#x442;&#x440; &#x456;&#x43C;.&#x406;&#x432;&#x430;&#x43D;&#x430; &#x424;&#x440;&#x430;&#x43D;&#x43A;&#x430;</subfield>
    <subfield code="c">2004</subfield>
  </datafield>
  <datafield tag="650" ind1=" " ind2="7">
    <subfield code="a">82 &#x41B;&#x456;&#x442;&#x435;&#x440;&#x430;&#x442;&#x443;&#x440;&#x430;. &#x41B;&#x456;&#x442;&#x435;&#x440;&#x430;&#x442;&#x443;&#x440;&#x43E;&#x437;&#x43D;&#x430;&#x432;&#x441;&#x442;&#x432;&#x43E;</subfield>
    <subfield code="2">UDC</subfield>
  </datafield>
  <datafield tag="999" ind1=" " ind2=" ">
    <subfield code="c">329850</subfield>
    <subfield code="d">329850</subfield>
  </datafield>
  <datafield tag="952" ind1=" " ind2=" ">
    <subfield code="0">0</subfield>
    <subfield code="1">0</subfield>
    <subfield code="2">udc</subfield>
    <subfield code="4">0</subfield>
    <subfield code="7">0</subfield>
    <subfield code="a">102</subfield>
    <subfield code="b">102</subfield>
    <subfield code="d">2007-01-20</subfield>
    <subfield code="e">7/2007</subfield>
    <subfield code="g">3.00</subfield>
    <subfield code="i">102474</subfield>
    <subfield code="l">0</subfield>
    <subfield code="o">82.09 &#x41C;85</subfield>
    <subfield code="p">102474</subfield>
    <subfield code="r">2022-02-09 00:00:00</subfield>
    <subfield code="w">2007-01-20</subfield>
    <subfield code="y">BK</subfield>
  </datafield>
</record>
